| 000 | 00607nam a2200181Ia 4500 | ||
|---|---|---|---|
| 008 | 100920s9999 xx 000 0 und d | ||
| 082 |
_b15951 _a891.464 थ 64 |
||
| 100 | _aऍलन जेम्स /अनु. हर्डीकर श्रीराम महेश्वर. | ||
| 245 | _aस्मरणी. | ||
| 260 |
_bहर्डीकर शांताबाई, सांगली. _c1964 |
||
| 300 |
_a366 _bसाधी |
||
| 365 | _b10 | ||
| 520 | _aनिबंध. | ||
| 630 | _aस्मरणी. | ||
| 650 | _aनिबंध. | ||
| 730 | _aस्मरणी. | ||
| 942 | _cBOOK | ||
| 999 |
_c679072 _d679069 |
||